| 000 | 00992nam a2200289 i 4500 | ||
|---|---|---|---|
| 001 | bg | ||
| 100 | 1 | _aTRZASKALIK, Tadeusz | |
| 245 | 1 | 0 |
_aBadania operacyjne z komputerem : _bpraca zbiorowa / _c[aut. Tadeusz Trzaskalik, Wojtek Michałowski, Maciej Nowak] ; pod red. Tadeusza Trzaskalika. |
| 250 | _aWyd. 4. | ||
| 260 |
_aŁódź : _bPrzedsiębiorstwo Specjalistyczne "Absolwent", _c2001. |
||
| 300 |
_a226, [3] s. : _bil. ; _c24 cm + + _edyskietka. |
||
| 490 | 1 | _aMetody Badań Operacyjnych | |
| 504 | _aBibliogr. | ||
| 650 | 9 |
_aBadania operacyjne _xkomputeryzacja |
|
| 655 | _aPodręczniki akademickie | ||
| 700 | 1 | _aMICHAŁOWSKI, Wojtek | |
| 700 | 1 | _aNOWAK, Maciej | |
| 830 | _aMetody Badań Operacyjnych | ||
| 020 | _a8388384384 | ||
| 040 | _cBPK | ||
| 041 | 0 | _apol | |
| 080 | _a519.87:004](075.8) | ||
| 920 | _a83-88384-38-4 | ||
| 942 | _cKS | ||
| 008 | s pl f |000 0 pol | ||
| 999 |
_c42685 _d42685 |
||
| 856 |
_uhttp://koha.tu.koszalin.pl/cgi-bin/koha/opac-detail.pl?biblionumber=42685 _yKatalog online BPK |
||